Advanced organic chemistry (Reactions and mechanisms) (Record no. 301443)

MARC details
000 -LEADER
fixed length control field 00369pam a2200121a 44500
008 - FIXED-LENGTH DATA ELEMENTS--GENERAL INFORMATION
fixed length control field 230405s2011 xxu||||| |||| 00| 0 eng d
041 ## - LANGUAGE CODE
Language code of text/sound track or separate title ENG
100 ## - MAIN ENTRY--PERSONAL NAME
Personal name Maya Shankar Singh
245 ## - TITLE STATEMENT
Title Advanced organic chemistry (Reactions and mechanisms)
260 ## - PUBLICATION, DISTRIBUTION, ETC.
Place of publication, distribution, etc.
Name of publisher, distributor, etc. Pearson education in south asia 11 community center panchsheel park
Date of publication, distribution, etc. 2011
300 ## - PHYSICAL DESCRIPTION
Extent 513
906 ## - LOCAL DATA ELEMENT F, LDF (RLIN)
a 10944
Holdings
Withdrawn status Lost status Damaged status Not for loan Collection Home library Current library Shelving location Date acquired Source of acquisition Cost, normal purchase price Total Checkouts Barcode Date last seen Price effective from Koha item type
          Matoshri Bayabai Shripatrao Kadam Kanya Mahavidyalaya, Kadegaon, Sangli Matoshri Bayabai Shripatrao Kadam Kanya Mahavidyalaya, Kadegaon, Sangli   19/09/2011 Universal Book stall 475.00   KVK-XTH01957 18/04/2023 18/04/2023 Book